[Event "2021 FIDE Online Olympiad"]
[Site "Chess.com"]
[Date "2021.08.29"]
[Round "9.6"]
[White "Martinez Gutierrez, Camila Renata"]
[Black "Gonzalez Gonzalez, Maria Alejandra"]
[Result "1/2-1/2"]
[WhiteElo "1255"]
[BlackElo "1482"]
[PlyCount "141"]
[EventDate "2021.08.27"]
[EventType "team"]
[EventRounds "9"]
[SourceVersionDate "2018.05.14"]
[WhiteTeam "Nicaragua"]
[BlackTeam "Venezuela"]
[WhiteTeamCountry "NCA"]
[BlackTeamCountry "VEN"]

1. d4 d5 2. Bf4 Bf5 3. Nf3 e6 4. e3 c5 5. Nc3 Nc6 6. Be2 Nf6 7. O-O Be7 8. Ne5
O-O 9. Bd3 cxd4 10. Nxc6 bxc6 11. exd4 Bg6 12. Re1 Qb6 13. Be5 a5 14. Na4 Qa7
15. Rb1 Rac8 16. Qf3 Ne4 17. Qg4 f5 18. Qf4 Bg5 19. Qf3 Qf7 20. Qe2 Bh5 21. f3
Rce8 22. Nc5 Nxc5 23. dxc5 Be7 24. Bd6 Bxd6 25. cxd6 e5 26. c4 Qd7 27. c5 e4
28. Bc2 Qa7 29. Qf2 Qd7 30. Re2 Rf6 31. Rbe1 Rg6 32. Kh1 Rge6 33. h3 Qf7 34.
Qg3 f4 35. Qf2 e3 36. Qf1 Bg6 37. Bxg6 Qxg6 38. Qg1 Qf7 39. Qf1 d4 40. Rd1 Qf6
41. Rd3 Rd8 42. Qd1 Qf7 43. Rxd4 Qa7 44. Qb3 Qf7 45. Qc4 Re5 46. Qxf7+ Kxf7 47.
Rxf4+ Kg8 48. Re4 Rxc5 49. R2xe3 Rxd6 50. Re8+ Kf7 51. R8e7+ Kg6 52. R3e6+ Rxe6
53. Rxe6+ Kf5 54. Re1 Rc2 55. g4+ Kf4 56. Kg1 Kxf3 57. Rf1+ Kg3 58. Rb1 Kxh3
59. a3 Kxg4 60. b4 axb4 61. axb4 h5 62. b5 cxb5 63. Rxb5 h4 64. Rb4+ Kh5 65.
Rb5+ g5 66. Kf1 h3 67. Kg1 Kh4 68. Rb4+ g4 69. Kh1 h2 70. Rxg4+ Kh3 71. Rg3+
1/2-1/2

[Event "2021 FIDE Online Olympiad"]
[Site "Chess.com"]
[Date "2021.08.29"]
[Round "9.3"]
[White "Ortez, Andrea"]
[Black "Ayiku, Angela Naa Amerley"]
[Result "1-0"]
[WhiteElo "1969"]
[BlackElo "1415"]
[PlyCount "113"]
[EventDate "2021.08.27"]
[EventType "team"]
[EventRounds "9"]
[SourceVersionDate "2018.05.14"]
[WhiteTeam "El Salvador"]
[BlackTeam "Ghana"]
[WhiteTeamCountry "ESA"]
[BlackTeamCountry "GHA"]

1. e4 c5 2. c3 g6 3. d4 cxd4 4. cxd4 Bg7 5. Nc3 d6 6. h3 a6 7. a4 Nc6 8. Nf3
Nf6 9. d5 Na7 10. Be3 O-O 11. Bd3 Qa5 12. O-O Bd7 13. Qd2 Qc7 14. Rfc1 Qd8 15.
a5 Nb5 16. Nxb5 Bxb5 17. Bb6 Qb8 18. Rc7 Re8 19. Rac1 Nd7 20. Bxb5 axb5 21.
Rxd7 Rc8 22. Rxc8+ Qxc8 23. Rd8+ Qxd8 24. Bxd8 Rxd8 25. Qd3 Bxb2 26. Qxb5 Bc3
27. Qxb7 Bxa5 28. Qxe7 Rc8 29. Ng5 Rc7 30. Qxd6 Rc1+ 31. Kh2 Bc7 32. Qxc7 Rxc7
33. e5 Rc5 34. Ne4 Rxd5 35. Nf6+ Kf8 36. Nxd5 Ke8 37. Nf6+ Ke7 38. Nxh7 Ke6 39.
f4 Kf5 40. Kg3 Ke6 41. Kf3 Kf5 42. g4+ Ke6 43. Ng5+ Ke7 44. Ke4 f6 45. exf6+
Kxf6 46. h4 Kg7 47. Ke5 Kh6 48. f5 gxf5 49. Kxf5 Kg7 50. Nf3 Kh6 51. g5+ Kg7
52. h5 Kh7 53. h6 Kg8 54. Kg6 Kh8 55. Ne5 Kg8 56. h7+ Kh8 57. Nf7# 1-0

[Event "2021 FIDE Online Olympiad"]
[Site "Chess.com"]
[Date "2021.08.29"]
[Round "9.5"]
[White "Melara, Moises"]
[Black "Acheampong, Dave Quansah Chief"]
[Result "1-0"]
[WhiteElo "1979"]
[BlackElo "1375"]
[PlyCount "49"]
[EventDate "2021.08.27"]
[EventType "team"]
[EventRounds "9"]
[SourceVersionDate "2018.05.14"]
[WhiteTeam "El Salvador"]
[BlackTeam "Ghana"]
[WhiteTeamCountry "ESA"]
[BlackTeamCountry "GHA"]

1. e4 c5 2. Nc3 a6 3. g3 d6 4. Bg2 Nf6 5. d3 e6 6. f4 Be7 7. Nf3 Nbd7 8. h3 b5
9. Ne2 Bb7 10. Be3 Rc8 11. O-O O-O 12. g4 Qc7 13. Ng3 c4 14. g5 Ne8 15. Rf2 d5
16. e5 cxd3 17. cxd3 Qa5 18. d4 Nb6 19. f5 Nc4 20. Bc1 Nc7 21. f6 gxf6 22. gxf6
Bd8 23. Bh6 Re8 24. Ng5 Ne3 25. Qh5 1-0

[Event "2021 FIDE Online Olympiad"]
[Site "Chess.com"]
[Date "2021.08.29"]
[Round "9.6"]
[White "Benson, Maud"]
[Black "Barahona, Dalila Yamileth"]
[Result "1-0"]
[WhiteElo "1432"]
[BlackElo "1802"]
[PlyCount "127"]
[EventDate "2021.08.27"]
[EventType "team"]
[EventRounds "9"]
[SourceVersionDate "2018.05.14"]
[WhiteTeam "Ghana"]
[BlackTeam "El Salvador"]
[WhiteTeamCountry "GHA"]
[BlackTeamCountry "ESA"]

1. d4 Nf6 2. c4 g6 3. Nc3 Bg7 4. e4 d6 5. Bd3 O-O 6. Nge2 Nbd7 7. f3 e5 8. Bg5
h6 9. Bh4 exd4 10. Nxd4 Ne5 11. O-O Be6 12. Qe2 Qd7 13. f4 Bg4 14. Qe3 Nxd3 15.
Qxd3 Nh7 16. h3 Bh5 17. Bf2 f5 18. Be3 Rae8 19. Ndb5 fxe4 20. Qd5+ Kh8 21. Qxb7
Rf7 22. Nxa7 Ref8 23. Qxe4 Nf6 24. Qc6 Re8 25. Rae1 Qxc6 26. Nxc6 g5 27. f5
Rff8 28. g4 Bf7 29. b3 Nd7 30. Nb5 Ra8 31. a4 Ne5 32. Nxe5 Bxe5 33. Nxc7 Rab8
34. Nb5 Rfd8 35. Ba7 Rb7 36. Bf2 Bf6 37. Re2 d5 38. cxd5 Bxd5 39. Rfe1 Bxb3 40.
Re8+ Rxe8 41. Rxe8+ Kh7 42. Nd6 Rd7 43. Ne4 Bh8 44. a5 Bd5 45. Nc5 Ra7 46. Rd8
Ba2 47. Rd7+ Rxd7 48. Nxd7 Bc4 49. Nc5 Bd5 50. a6 Be5 51. Nb7 Bb8 52. Kf1 Bxb7
53. axb7 Kg7 54. Ke2 Kf7 55. Bc5 Ke8 56. Kd3 Be5 57. Ke4 Bb8 58. Kd5 Kd7 59. f6
Bc7 60. Ba7 Ke8 61. b8=Q+ Bxb8 62. Bxb8 Kf7 63. Be5 Kf8 64. Ke6 1-0

[Event "2021 FIDE Online Olympiad"]
[Site "Chess.com"]
[Date "2021.08.29"]
[Round "9.1"]
[White "Tapia, Alexei"]
[Black "Warner, Delisle"]
[Result "1-0"]
[WhiteElo "1983"]
[BlackElo "2195"]
[PlyCount "107"]
[EventDate "2021.08.27"]
[EventType "team"]
[EventRounds "9"]
[SourceVersionDate "2018.05.14"]
[WhiteTeam "Panama"]
[BlackTeam "Barbados"]
[WhiteTeamCountry "PAN"]
[BlackTeamCountry "BAR"]

1. Nf3 d5 2. g3 Nf6 3. Bg2 g6 4. b3 Bg7 5. Bb2 O-O 6. c4 dxc4 7. bxc4 c5 8. O-O
Nc6 9. d3 Rb8 10. Nbd2 Qc7 11. a4 h6 12. a5 b6 13. axb6 axb6 14. Nb1 b5 15.
cxb5 Rxb5 16. Bc3 Be6 17. Na3 Rb3 18. Nd2 Rbb8 19. Nac4 Nd5 20. Bxg7 Kxg7 21.
Ne4 Nd4 22. Ra5 Nc3 23. Nxc3 Bxc4 24. Qa1 Be6 25. e3 Nb3 26. Nd5+ Nxa1 27. Nxc7
Nb3 28. Nxe6+ fxe6 29. Ra6 Rf6 30. Rb1 Rb4 31. d4 c4 32. Bf1 e5 33. Rxf6 exf6
34. dxe5 fxe5 35. Bxc4 Rxc4 36. Rxb3 h5 37. Kg2 h4 38. Rb6 hxg3 39. hxg3 Kf7
40. Kf3 Ra4 41. Rd6 Rb4 42. Ra6 Rc4 43. Ra3 Rb4 44. e4 Rc4 45. Re3 Kf6 46. Kg4
g5 47. f3 Rc6 48. Rb3 Ra6 49. Rb8 Ke7 50. Rg8 Kf6 51. Rxg5 Ra3 52. Rh5 Rd3 53.
Rh6+ Kg7 54. Re6 1-0

[Event "2021 FIDE Online Olympiad"]
[Site "Chess.com"]
[Date "2021.08.29"]
[Round "9.2"]
[White "Edwards, Emar"]
[Black "Sanchez, Jorge Luis"]
[Result "1-0"]
[WhiteElo "1455"]
[BlackElo "2086"]
[PlyCount "85"]
[EventDate "2021.08.27"]
[EventType "team"]
[EventRounds "9"]
[SourceVersionDate "2018.05.14"]
[WhiteTeam "Barbados"]
[BlackTeam "Panama"]
[WhiteTeamCountry "BAR"]
[BlackTeamCountry "PAN"]

1. e4 c5 2. Nc3 Nc6 3. Bb5 a6 4. Bxc6 bxc6 5. f4 d5 6. d3 Rb8 7. Nf3 Bg4 8. O-O
e6 9. Qe1 Nf6 10. b3 Bxf3 11. Rxf3 dxe4 12. dxe4 Be7 13. Kh1 O-O 14. Rh3 h6 15.
Be3 c4 16. Na4 cxb3 17. axb3 Nxe4 18. Ba7 f5 19. Bxb8 Qxb8 20. Qf1 Bf6 21. Rd1
Qb5 22. Rhd3 Kh7 23. Qf3 c5 24. Rd7 c4 25. Qe3 cxb3 26. cxb3 Rb8 27. R7d3 Rc8
28. Nb6 Rc2 29. Rf1 Nf2+ 30. Rxf2 Rxf2 31. h3 Rf1+ 32. Kh2 Qc6 33. Qe2 Rc1 34.
Nc4 Qc7 35. Qf3 Re1 36. Re3 Rxe3 37. Qxe3 g5 38. g3 g4 39. Qxe6 Qc5 40. Ne3 Kg6
41. hxg4 fxg4 42. Nxg4 Qc2+ 43. Kh3 1-0

[Event "2021 FIDE Online Olympiad"]
[Site "Chess.com"]
[Date "2021.08.29"]
[Round "9.3"]
[White "Barria Baker, Raisa Melissa"]
[Black "Figueroa, Julissa"]
[Result "1-0"]
[WhiteElo "1998"]
[BlackElo "1701"]
[PlyCount "111"]
[EventDate "2021.08.27"]
[EventType "team"]
[EventRounds "9"]
[SourceVersionDate "2018.05.14"]
[WhiteTeam "Panama"]
[BlackTeam "Barbados"]
[WhiteTeamCountry "PAN"]
[BlackTeamCountry "BAR"]

1. d4 d5 2. Nf3 e6 3. c4 Be7 4. Nc3 Nf6 5. Bf4 O-O 6. e3 Bd6 7. Bg5 h6 8. Bxf6
Qxf6 9. cxd5 exd5 10. Nxd5 Qf5 11. Nc3 c5 12. Bd3 Qg4 13. O-O cxd4 14. Nxd4 Qh4
15. Nf3 Qd8 16. Nb5 Be7 17. Qc2 Nc6 18. a3 Bg4 19. Rfd1 Qb6 20. Nc3 Bxf3 21.
gxf3 Ne5 22. Be4 Rad8 23. Nd5 Qe6 24. Qb3 Bh4 25. Qc3 Rc8 26. Qb4 Rfe8 27. Nf4
Qf6 28. Rd6 Qg5+ 29. Kf1 Qe7 30. Rad1 Nc6 31. Bxc6 Rxc6 32. Rxc6 bxc6 33. Qxe7
Rxe7 34. Rd6 Rb7 35. b4 c5 36. bxc5 Be7 37. Rd5 Rb1+ 38. Ke2 Rc1 39. Nd3 Rc2+
40. Kd1 Rc3 41. Rd7 Bxc5 42. Nxc5 Rxc5 43. Rxa7 Kf8 44. a4 Ke8 45. a5 Rc4 46.
a6 Ra4 47. Ra8+ Kd7 48. a7 Kc7 49. Rf8 Rxa7 50. Rxf7+ Kb6 51. Rxa7 Kxa7 52. Kc2
Kb6 53. Kd3 Kc5 54. Ke4 Kd6 55. Kf5 Ke7 56. Kg6 1-0

[Event "2021 FIDE Online Olympiad"]
[Site "Chess.com"]
[Date "2021.08.29"]
[Round "9.4"]
[White "Wilson, Hannah"]
[Black "Rondon Chacon, Yolys Desiree"]
[Result "1-0"]
[WhiteElo "1164"]
[BlackElo "1789"]
[PlyCount "113"]
[EventDate "2021.08.27"]
[EventType "team"]
[EventRounds "9"]
[SourceVersionDate "2018.05.14"]
[WhiteTeam "Barbados"]
[BlackTeam "Panama"]
[WhiteTeamCountry "BAR"]
[BlackTeamCountry "PAN"]

1. e4 d5 2. exd5 Qxd5 3. Nc3 Qd6 4. d4 c6 5. Nf3 Nf6 6. Be3 Bg4 7. Bc4 e6 8.
O-O Nbd7 9. Qe2 Qc7 10. Bg5 Bd6 11. h3 Bh5 12. Be3 O-O 13. Rad1 Rfe8 14. Bg5 h6
15. Be3 Rad8 16. Bd3 e5 17. g4 Bxg4 18. hxg4 e4 19. Nxe4 Nxe4 20. Nd2 Ndf6 21.
Qf3 Ng5 22. Bxg5 hxg5 23. Qh3 g6 24. Rfe1 Kg7 25. Rxe8 Rxe8 26. Nf3 Rh8 27. Qg2
Bf4 28. Re1 Qa5 29. a3 a6 30. Re7 Qd5 31. b3 Qd6 32. Rxb7 Qxa3 33. Qf1 Qd6 34.
Bc4 Nd5 35. Bxa6 Bh2+ 36. Kg2 Nf4+ 37. Kh1 Bg3+ 38. Kg1 Nh3+ 39. Kg2 Nxf2 40.
Bc4 Rf8 41. Ne5 Bxe5 42. dxe5 Qxe5 43. Qxf2 Qf6 44. Qxf6+ Kxf6 45. Rb6 Rc8 46.
Bb5 Kg7 47. Rxc6 Rd8 48. Bd3 Rd4 49. Kg3 Rf4 50. Rc4 Rf6 51. b4 Rb6 52. Re4 Rb7
53. b5 Rb6 54. Rb4 Kf8 55. c4 Rd6 56. Bf1 Ke7 57. c5 1-0

[Event "2021 FIDE Online Olympiad"]
[Site "Chess.com"]
[Date "2021.08.29"]
[Round "9.5"]
[White "Batista Rosas, Nicolas Arturo"]
[Black "Wilson, Louis"]
[Result "1/2-1/2"]
[WhiteElo "1642"]
[BlackElo "1143"]
[PlyCount "45"]
[EventDate "2021.08.27"]
[EventType "team"]
[EventRounds "9"]
[SourceVersionDate "2018.05.14"]
[WhiteTeam "Panama"]
[BlackTeam "Barbados"]
[WhiteTeamCountry "PAN"]
[BlackTeamCountry "BAR"]

1. d4 d5 2. c4 c6 3. cxd5 cxd5 4. Nc3 Nf6 5. Bf4 Nc6 6. e3 a6 7. Bd3 Bg4 8. Qb3
Qd7 9. h3 Bh5 10. g4 Bg6 11. Be2 e6 12. Nf3 Bb4 13. Ne5 Bxc3+ 14. Qxc3 Nxe5 15.
Bxe5 Rc8 16. Qb4 Qe7 17. Bd6 Qd7 18. O-O Ne4 19. Be5 h5 20. Rac1 hxg4 21. hxg4
f6 22. Bh2 Kf7 23. f3 1/2-1/2

[Event "2021 FIDE Online Olympiad"]
[Site "Chess.com"]
[Date "2021.08.29"]
[Round "9.6"]
[White "Moore, Gaybrianna"]
[Black "Delgado Rosas, Fatima Alexandra"]
[Result "1/2-1/2"]
[WhiteElo "1321"]
[BlackElo "1369"]
[PlyCount "65"]
[EventDate "2021.08.27"]
[EventType "team"]
[EventRounds "9"]
[SourceVersionDate "2018.05.14"]
[WhiteTeam "Barbados"]
[BlackTeam "Panama"]
[WhiteTeamCountry "BAR"]
[BlackTeamCountry "PAN"]

1. d4 d5 2. Bf4 Bf5 3. e3 e6 4. c4 c6 5. Nc3 Nf6 6. Qb3 Qb6 7. c5 Qxb3 8. axb3
Bc2 9. Na4 Nbd7 10. b4 a6 11. Nc3 Rc8 12. Be2 Be7 13. Nf3 O-O 14. O-O h6 15. h3
Rfe8 16. Rfc1 Bh7 17. Bh2 Bf8 18. Bf1 g5 19. g4 Bg7 20. Na4 Ne4 21. Ne5 Bxe5
22. Bxe5 Nd2 23. Ra3 Nf3+ 24. Kg2 Nfxe5 25. dxe5 Nxe5 26. Nb6 Rcd8 27. Rd1 Be4+
28. Kg1 Nf3+ 29. Kh1 Ne1+ 30. Kh2 Nf3+ 31. Kh1 Nh4+ 32. Kh2 Nf3+ 33. Kh1
1/2-1/2

[Event "2021 FIDE Online Olympiad"]
[Site "Chess.com"]
[Date "2021.08.29"]
[Round "9.2"]
[White "Christie, Joshua"]
[Black "Rodriguez Ulloa, Josue"]
[Result "1-0"]
[WhiteElo "1915"]
[BlackElo "1707"]
[PlyCount "67"]
[EventDate "2021.08.27"]
[EventType "team"]
[EventRounds "9"]
[SourceVersionDate "2018.05.14"]
[WhiteTeam "Jamaica"]
[BlackTeam "Honduras"]
[WhiteTeamCountry "JAM"]
[BlackTeamCountry "HON"]

1. d4 Nf6 2. c4 g6 3. Nc3 Bg7 4. e4 d6 5. Nge2 O-O 6. Ng3 h5 7. Be2 e5 8. d5
Nbd7 9. Bg5 a6 10. h4 Qe8 11. Qd2 Nc5 12. b4 Na4 13. Nxa4 Qxa4 14. Rb1 c5 15.
bxc5 dxc5 16. O-O Rb8 17. Be3 Nd7 18. Bh6 Nf6 19. Rb6 Bg4 20. f3 Bc8 21. Bxg7
Kxg7 22. Rxf6 Kxf6 23. Qg5+ Kg7 24. Nxh5+ Kg8 25. Nf6+ Kg7 26. Qxe5 Kh6 27.
Qf4+ Kg7 28. Qe5 Kh6 29. Qxb8 Qxa2 30. Qf4+ Kg7 31. Qe5 Kh6 32. Ne8 Rxe8 33.
Qxe8 Qxe2 34. Qh8# 1-0

[Event "2021 FIDE Online Olympiad"]
[Site "Chess.com"]
[Date "2021.08.29"]
[Round "9.3"]
[White "McDowell, Sharon"]
[Black "Miller, Rachel"]
[Result "0-1"]
[WhiteElo "1604"]
[BlackElo "2004"]
[PlyCount "74"]
[EventDate "2021.08.27"]
[EventType "team"]
[EventRounds "9"]
[SourceVersionDate "2018.05.14"]
[WhiteTeam "Honduras"]
[BlackTeam "Jamaica"]
[WhiteTeamCountry "HON"]
[BlackTeamCountry "JAM"]

1. e4 e5 2. Nf3 Nc6 3. Bc4 Bc5 4. d3 Nf6 5. O-O h6 6. c3 d6 7. Nbd2 O-O 8. Re1
a5 9. Nf1 Be6 10. Bb5 Ne7 11. d4 exd4 12. cxd4 Bb4 13. Bd2 Bxd2 14. Qxd2 d5 15.
Ng3 dxe4 16. Nxe4 Nxe4 17. Rxe4 Qd5 18. Bd3 Nc6 19. Rae1 Rad8 20. b3 Bf5 21.
Bc4 Qd7 22. Ne5 Nxe5 23. Rxe5 b6 24. Rd5 Qc8 25. Rde5 c6 26. a4 Qd7 27. Qf4 Bg6
28. Rd1 Rfe8 29. d5 b5 30. axb5 cxb5 31. Rxe8+ Rxe8 32. Bf1 Bc2 33. Ra1 a4 34.
bxa4 bxa4 35. Qc4 Bb3 36. Qb4 Qxd5 37. Bb5 Rb8 0-1

[Event "2021 FIDE Online Olympiad"]
[Site "Chess.com"]
[Date "2021.08.29"]
[Round "9.5"]
[White "Chahin Godoy, Angel Eduardo"]
[Black "Glaves, Raheem"]
[Result "0-1"]
[WhiteElo "1342"]
[BlackElo "1983"]
[PlyCount "64"]
[EventDate "2021.08.27"]
[EventType "team"]
[EventRounds "9"]
[SourceVersionDate "2018.05.14"]
[WhiteTeam "Honduras"]
[BlackTeam "Jamaica"]
[WhiteTeamCountry "HON"]
[BlackTeamCountry "JAM"]

1. e4 c6 2. d4 d5 3. e5 Bf5 4. Nf3 e6 5. a3 h6 6. Be2 Ne7 7. O-O g5 8. g3 Ng6
9. Bd3 Bxd3 10. Qxd3 Nd7 11. c4 dxc4 12. Qxc4 Nb6 13. Qd3 Qd7 14. Nc3 Be7 15.
b4 g4 16. Ne1 O-O-O 17. Bb2 Nxe5 18. Qe2 Nec4 19. Rd1 Nxb2 20. Qxb2 h5 21. Nd3
Nc4 22. Qe2 Qxd4 23. Ne4 Ne5 24. Ndc5 Nf3+ 25. Kg2 Qe5 26. Qc4 h4 27. Rxd8+
Rxd8 28. b5 Qd5 29. Qc2 Bxc5 30. bxc6 bxc6 31. Rb1 h3+ 32. Kh1 Ng5 0-1

[Event "2021 FIDE Online Olympiad"]
[Site "Chess.com"]
[Date "2021.08.29"]
[Round "9.6"]
[White "Brown, Raehanna"]
[Black "Viana, Valeria"]
[Result "1-0"]
[WhiteElo "1540"]
[BlackElo "1325"]
[PlyCount "73"]
[EventDate "2021.08.27"]
[EventType "team"]
[EventRounds "9"]
[SourceVersionDate "2018.05.14"]
[WhiteTeam "Jamaica"]
[BlackTeam "Honduras"]
[WhiteTeamCountry "JAM"]
[BlackTeamCountry "HON"]

1. c4 Nf6 2. Nc3 d5 3. cxd5 Nxd5 4. Nf3 Nc6 5. d4 Bf5 6. g3 e6 7. Bg2 Bb4 8.
Bd2 Bg6 9. O-O Nf6 10. a3 Be7 11. Bg5 h6 12. Bxf6 Bxf6 13. e3 O-O 14. Rc1 Ne7
15. Nd2 c6 16. b4 e5 17. Nb3 exd4 18. Nxd4 Qb8 19. Qb3 Bxd4 20. exd4 Qd6 21. d5
cxd5 22. Nxd5 Nxd5 23. Bxd5 Rab8 24. Rfd1 Qb6 25. Bg2 Rbd8 26. a4 a5 27. b5 Kh8
28. Qf3 Rb8 29. Rd7 Kg8 30. Rxb7 Rxb7 31. Qxb7 Qd4 32. b6 Qxa4 33. Qc6 Qb4 34.
b7 Bf5 35. Bd5 a4 36. Qc7 a3 37. Bxf7+ 1-0